Разработка и исследование телевизионного радиационного интроскопа: Диссертация на соискание ученой степени кандидата технических наук

Detalles Bibliográficos
Autor Principal: Шпагин А. П.
Autor Corporativo: Томский политехнический институт (ТПИ)
Outros autores: Горбунов В. И. (научный руководитель)
Idioma:ruso
Publicado: Томск, [Б. и.], 1967
Subjects:
Formato: MixedMaterials Libro
KOHA link:https://koha.lib.tpu.ru/cgi-bin/koha/opac-detail.pl?biblionumber=143160

MARC

LEADER 00000nbm0a2200000 4500
001 143160
005 20231031143135.0
035 |a (RuTPU)RU\TPU\book\155129 
090 |a 143160 
100 |a 20080917d1967 k y0rusy50 ca 
101 0 |a rus 
102 |a RU 
105 |a a m 001zy 
200 1 |a Разработка и исследование телевизионного радиационного интроскопа  |e Диссертация на соискание ученой степени кандидата технических наук  |f А. П. Шпагин  |g Томский политехнический институт (ТПИ) ; науч. рук. В. И. Горбунов 
210 |a Томск  |c [Б. и.]  |d 1967 
215 |a 208 л.  |c ил. 
320 |a Библиогр.: с. 198 - 206 ( 130 назв.) 
610 1 |a радиационные интроскопы 
610 1 |a блок-схемы 
610 1 |a детекторы 
610 1 |a сигналы 
610 1 |a шумы 
610 1 |a электронно-оптические преобразователи 
610 1 |a искажения 
610 1 |a расчет 
610 1 |a фотокатоды 
610 1 |a суперортиконы 
610 1 |a чувствительность 
610 1 |a экспериментальное исследование 
610 1 |a диссертации 
675 |a 620.15(04)  |v 3 
700 1 |a Шпагин  |b А. П. 
702 1 |a Горбунов  |b В. И.  |4 727 
712 0 2 |a Томский политехнический институт (ТПИ)  |c (1944-1991)  |2 stltpush  |3 (RuTPU)RU\TPU\col\1123 
801 1 |a RU  |b 63413507  |c 20080917  |g PSBO 
942 |c BK